[Event "Capablanca Mem Premier 2"]
[Site "Havana CUB"]
[Date "2005.05.18"]
[Round "12"]
[White "Schilow,W"]
[Black "Perez,Or"]
[Result "0-1"]
[WhiteElo "2425"]
[BlackElo "2439"]

1.e4 c5 2.Nc3 Nc6 3.Bb5 g6 4.Bxc6 dxc6 5.d3 Bg7 6.Be3 b6 7.Qd2 e5 8.f4 exf4
9.Bxf4 Nf6 10.Nf3 O-O 11.Bh6 Bxh6 12.Qxh6 Ng4 13.Qd2 Qd6 14.O-O-O a5 15.h3 Ne5
16.Qh6 f6 17.Ne2 a4 18.Rhf1 Be6 19.a3 b5 20.d4 Nc4 21.Nf4 Qe7 22.d5 Bf7 23.Rfe1 b4
24.d6 Qb7 25.axb4 a3 26.c3 cxb4 27.Nd4 b3  0-1

[Event "ch-UKR sf"]
[Site "Alushta UKR"]
[Date "2005.05.19"]
[Round "4"]
[White "Shilin,D"]
[Black "Alexikov,A"]
[Result "0-1"]
[WhiteElo "2376"]
[BlackElo "2353"]

1.e4 c5 2.Nc3 Nc6 3.Bb5 Nd4 4.a4 g6 5.Nge2 Bg7 6.O-O b6 7.a5 Nxb5 8.Nxb5 Bb7
9.axb6 Qxb6 10.Nbc3 Nh6 11.d3 f5 12.Bg5 e5 13.Na4 Qc6 14.f3 Nf7 15.Be3 d6
16.c4 f4 17.Bf2 Bf6 18.Nec3 Bd8 19.Nd5 a5 20.Nac3 O-O 21.Re1 Ng5 22.Kf1 Ne6
23.Ke2 Qd7 24.Rg1 Bc6 25.b3 Rb8 26.Ra3 Rf7 27.Qa1 Kf8 28.Nb1 Qe8 29.Nd2 Rfb7
30.g3 Qf7 31.Qc3 Ke8 32.gxf4 Nd4+ 33.Bxd4 exd4 34.Qc2 Bxd5 35.cxd5 Qxf4 36.Rg2 Rf7
37.Kd1 Qe3 38.Re2 Qg1+ 39.Re1 Qxh2 40.Nc4 Qf4 41.e5 Qxf3+ 42.Kc1 dxe5 43.Nxe5 Qf4+
44.Kb2 Re7 45.Re4 Qf6 46.Qe2 Kf8 47.Ra1 Qb6 48.Ra3 Qd6 49.Nc6 Rbb7 50.Nxe7 Rxe7  0-1

[Event "48th TCh-SCG"]
[Site "Herceg Novi SCG"]
[Date "2005.05.19"]
[Round "5"]
[White "Kalezic,B"]
[Black "Simonovic,A"]
[Result "1/2-1/2"]
[WhiteElo "2445"]
[BlackElo "2408"]

1.e4 c5 2.Nf3 Nc6 3.Nc3 g6 4.d4 cxd4 5.Nxd4 Bg7 6.Be3 d6 7.Qd2 Nf6 8.f3 O-O
9.Bc4 Bd7 10.O-O-O Ne5 11.Bb3 Qa5 12.Kb1 Rfc8 13.g4 Rxc3 14.Qxc3 Qxc3 15.bxc3 Rc8
16.Kb2 Be8 17.g5 Nfd7 18.Bc1 Nb6 19.f4  1/2-1/2

[Event "HB Global CC"]
[Site "Minneapolis USA"]
[Date "2005.05.19"]
[Round "2"]
[White "Mariano,N1"]
[Black "Murzin,L"]
[Result "1-0"]
[WhiteElo "2468"]
[BlackElo "2221"]

1.e4 c5 2.Ne2 Nc6 3.Nbc3 e6 4.g3 Nge7 5.Bg2 a6 6.O-O g6 7.d4 cxd4 8.Nxd4 Bg7
9.Nde2 O-O 10.Be3 b5 11.Qd6 Be5 12.Qd2 Na5 13.b3 Bb7 14.Rad1 Rc8 15.Qxd7 Qxd7
16.Rxd7 Rfe8 17.Bb6 Nec6 18.f4 Bb8 19.e5 Re7 20.Rxe7 Nxe7 21.Bxa5 Ba7+ 22.Kh1 Bxg2+
23.Kxg2 Nf5 24.Kf3 Ne3 25.Rc1 h5 26.h3  1-0

[Event "ch-LAT w"]
[Site "Riga LAT"]
[Date "2005.05.20"]
[Round "9"]
[White "Voronova,T"]
[Black "Vilerte,T"]
[Result "0-1"]
[WhiteElo "2226"]
[BlackElo "2230"]

1.e4 c5 2.Nf3 Nc6 3.Nc3 d6 4.g3 g6 5.Bg2 Bg7 6.O-O e6 7.d3 Nge7 8.Bf4 O-O
9.Qd2 Nd4 10.Bh6 Nxf3+ 11.Bxf3 Nc6 12.Bxg7 Kxg7 13.Bg2 Qb6 14.a3 Nd4 15.Nd1 e5
16.Ne3 Be6 17.b4 a5 18.bxc5 Qxc5 19.a4 b5 20.axb5 Qxb5 21.Rfb1 Qc5 22.Ra4 Rfb8
23.Rba1 Rb2 24.Nc4 Rxc2 25.Qd1 Bxc4 26.dxc4 Rxc4 27.Rxc4 Qxc4 28.Bf1 Qb3
29.Qxb3 Nxb3 30.Rd1 a4 31.Bc4 Rc8 32.Bd5 Rc2 33.Kg2 Nc1 34.Re1 Nd3 35.Ra1 Nc5
36.Ra3 Rb2 37.Rf3 f6  0-1

[Event "VII Open"]
[Site "Salou ESP"]
[Date "2005.05.20"]
[Round "1"]
[White "Roca Diaz,M"]
[Black "Spasov,V"]
[Result "0-1"]
[WhiteElo "2107"]
[BlackElo "2543"]

1.e4 c5 2.Nf3 Nc6 3.Nc3 Nf6 4.Bb5 g6 5.O-O Bg7 6.Re1 O-O 7.Bxc6 dxc6 8.a4 b6
9.e5 Nd5 10.Ne4 Bg4 11.d3 Bxe5 12.h3 Bxf3 13.Qxf3 Bg7 14.c3 e5 15.Bd2 f5
16.Ng3 Qd6 17.Re2 Rad8 18.Nf1 Nc7 19.Rae1 Ne6 20.Ne3 Nf4  0-1

[Event "ch-UKR sf"]
[Site "Alushta UKR"]
[Date "2005.05.21"]
[Round "6"]
[White "Andrejchuk,V"]
[Black "Baranov,J"]
[Result "1-0"]
[WhiteElo "2162"]
[BlackElo "2279"]

1.e4 c5 2.Nf3 Nc6 3.Nc3 e5 4.Bc4 Be7 5.d3 d6 6.O-O Nf6 7.Ng5 O-O 8.f4 Bg4
9.Qe1 exf4 10.Bxf4 Nd4 11.Qd2 a6 12.h3 Bd7 13.a4 Bc6 14.Bd5 Qd7 15.a5 h6
16.Nf3 Kh7 17.Be3 Ne6 18.Bb3 Rae8 19.Nd5 Bd8 20.c4 Ng8 21.Bc2 Kh8 22.g4 Nc7
23.Nf4 Nf6 24.Nh2 Ne6 25.Nd5 Bxd5 26.cxd5 Nd4 27.Bxd4 cxd4 28.Ba4 Qe7 29.Bxe8 Rxe8
30.Nf3 h5 31.g5 Nh7 32.h4 Qd7 33.Kf2 f5 34.Rfe1 fxe4 35.Rxe4 Rf8 36.Rf4 Qb5
37.Rxf8+ Nxf8 38.b4 Qxd5 39.Qf4 Ng6 40.Qe4 Qf7 41.Re1 Ne5 42.Kg2 Bc7 43.Nxe5 dxe5
44.Rf1  1-0

[Event "ch-UKR sf"]
[Site "Alushta UKR"]
[Date "2005.05.21"]
[Round "6"]
[White "Shilin,D"]
[Black "Aliferenko,A"]
[Result "1/2-1/2"]
[WhiteElo "2376"]
[BlackElo "2356"]

1.e4 c5 2.Nc3 Nc6 3.Bb5 Nd4 4.Ba4 g6 5.Nge2 Bg7 6.O-O e6 7.Nxd4 cxd4 8.Nb5 Ne7
9.Nd6+ Kf8 10.Qf3 f6 11.d3 Nc6 12.c3 Ne5 13.Qg3 dxc3 14.bxc3 Nf7 15.Nb5 Qa5
16.Rb1 Qxa4 17.Rb4 Qa5 18.Nc7 d6 19.Nxa8 Bd7 20.Rxb7 Bc6 21.Rxf7+ Kxf7 22.Qxd6 Rc8
23.c4 Bf8 24.Qf4 Bxa8 25.Qh4 Qh5 26.Qxh5 gxh5 27.Rd1 Bc5 28.Kf1 e5 29.Ke2 Bc6
30.Be3 Bd4 31.Rb1 Rc7 32.Rb3 a5 33.Bxd4 exd4 34.h4 f5 35.exf5 Rb7 36.Rxb7+ Bxb7
37.f3 Kf6 38.g3 Kxf5 39.a3 Ke5 40.Kf2 Bc6 41.Ke2 Bd7 42.Kd2 Ba4 43.Ke2 Bc6
44.Kf2 Be8 45.Ke1 Bd7 46.Kd2 Kd6 47.Ke1 Kc5 48.Ke2 Be6 49.Kd2 Bd7 50.Ke1 Bf5
51.Ke2 Bh3 52.Kf2 Kd6 53.Ke2 Bg2 54.Kf2 Bh3 55.Ke2 Kc6 56.Kf2 Kc5 57.Ke2 Bg2
58.Kf2 Bh3 59.Ke2 Kd6 60.Kf2 Ke5 61.Ke2 Bg2 62.Kf2 Bh3 63.Ke1 Bg2 64.Kf2 Bh3  1/2-1/2

[Event "48th TCh-SCG"]
[Site "Herceg Novi SCG"]
[Date "2005.05.21"]
[Round "7"]
[White "Stojanovic,Da"]
[Black "Zakic,S"]
[Result "1/2-1/2"]
[WhiteElo "2452"]
[BlackElo "2368"]

1.e4 c5 2.Nf3 Nc6 3.Nc3 Nf6 4.Bb5 Qc7 5.O-O Nd4 6.Re1 a6 7.Bf1 e5 8.Bc4 Be7
9.a4 O-O 10.d3 d6 11.Nd2 Bg4 12.f3 Be6 13.Nf1 Nc6 14.Ne3 Nb4 15.Qe2 Rad8
16.Ned5 Nbxd5 17.exd5 Bd7 18.f4 exf4 19.Bxf4 Rde8 20.Qf3 Bg4 21.Qg3 Qd7 22.Qf2 Bh5
23.h3 Bg6 24.Bh2 Qd8 25.Qf3 Nd7 26.Ne4 Bh4 27.Nf2 Rxe1+ 28.Rxe1 Re8 29.Re2 Nf6
30.Kf1 Rxe2 31.Kxe2 Qe7+ 32.Kf1 Bh5 33.g4 Bg6 34.Qf4 Ne8 35.Ne4 Bxe4 36.dxe4 Bf6
37.Bd3 Bxb2 38.Qf5 g6 39.Qf3 Be5 40.Bg1 Nf6 41.Be3 Nd7 42.Kg2 Qd8 43.Qd1 Bg7
44.Bf4 Be5 45.Be3 Qe7 46.Qb1 Nf8 47.Qf1 Nd7 48.Qb1 Nf6  1/2-1/2

[Event "XXXV Bosnia GM"]
[Site "Sarajevo BIH"]
[Date "2005.05.21"]
[Round "3"]
[White "Predojevic,B"]
[Black "Timofeev,Arty"]
[Result "1-0"]
[WhiteElo "2549"]
[BlackElo "2622"]

1.e4 c5 2.Nf3 Nc6 3.Nc3 Nf6 4.Bb5 Qc7 5.O-O Nd4 6.Nxd4 cxd4 7.Nd5 Nxd5 8.exd5 Qc5
9.c4 a6 10.b4 Qxb4 11.Ba4 g6 12.Bb3 Bg7 13.a4 d6 14.Ba3 Qa5 15.Re1 Qd8 16.c5 O-O
17.Rc1 Bf6 18.Qf3 Bg5 19.Qd3 dxc5 20.Bxc5 Qa5 21.Bxe7 Qxd2 22.Rcd1 Qxd3 23.Rxd3 Bf5
24.Rxd4 Rfe8 25.d6 Kg7 26.g4 Bd7 27.Kf1 f6 28.Bd5 Rab8 29.Rc4 Bd2 30.Rc7 Bxe1
31.Rxd7 Bb4 32.g5 Rxe7  1-0

[Event "30th Elekes Mem GM"]
[Site "Budapest HUN"]
[Date "2005.05.22"]
[Round "2"]
[White "Medvegy,Z"]
[Black "Paschall,W"]
[Result "1/2-1/2"]
[WhiteElo "2474"]
[BlackElo "2400"]

1.e4 c5 2.Nf3 Nc6 3.Nc3 d6 4.d4 cxd4 5.Nxd4 Nf6 6.Bg5 Bd7 7.Qd2 Rc8 8.f4 h6
9.Bxf6 gxf6 10.O-O-O Nxd4 11.Qxd4 Qa5 12.Kb1 Qc5 13.Qxc5 Rxc5 14.Bd3 Rg8
15.g3 f5 16.Rhe1 Bg7 17.exf5 Bxc3 18.bxc3 f6 19.Re3 Kd8 20.Rde1 Rg7 21.g4 Rxc3
22.Rg3 Ra3 23.Kb2 Ra4 24.Re4 Rxe4 25.Bxe4 e5 26.fxe5 dxe5 27.Bxb7 Bxf5 28.gxf5 Rxb7+
29.Kc3 Rb1 30.Rg6 Ke7 31.Rg7+ Kf8 32.Rxa7 Rf1 33.a4 Rxf5 34.a5 Rf1 35.a6 Ra1
36.Ra8+ Kg7 37.a7 f5 38.Kd3 Ra3+ 39.c3 f4 40.Ke4 f3  1/2-1/2

[Event "HB Global CC"]
[Site "Minneapolis USA"]
[Date "2005.05.22"]
[Round "8"]
[White "Rodriguez,And URU"]
[Black "Harikrishna,P"]
[Result "0-1"]
[WhiteElo "2536"]
[BlackElo "2646"]

1.e4 c5 2.Nc3 Nc6 3.Nge2 Nf6 4.d4 cxd4 5.Nxd4 d6 6.f3 e5 7.Nb3 Be6 8.Be3 Be7
9.Qd2 O-O 10.Rd1 a5 11.Bb5 Na7 12.Be2 Nc8 13.Nd5 Nxd5 14.exd5 Bd7 15.c4 Bh4+
16.g3 Bf6 17.Bd3 a4 18.Nc1 Ne7 19.Qf2 Qa5+ 20.Qd2 Qxd2+ 21.Bxd2 b5 22.b3 axb3
23.axb3 bxc4 24.Bxc4 Nf5 25.O-O Bd8 26.Kg2 Bb6 27.Rfe1 h5 28.Nd3 Ra2 29.b4 Ne3+
30.Rxe3 Rxd2+ 31.Rxd2 Bxe3 32.Re2 Bd4 33.Ba6 g5 34.Rc2 Rb8 35.Rc6 g4 36.b5 gxf3+
37.Kxf3 Bg4+ 38.Kg2 Be2 39.Nf2 Bxb5 40.Bxb5 Rxb5 41.Ne4 Rb2+ 42.Kh1 h4 43.gxh4 f5
44.Nxd6 f4 45.h5 f3 46.Rc1 Re2 47.Nf5 Rd2 48.Ng3 Bb6 49.Ne4 Rd4 50.Rg1+ Kf8
51.Nf6 Ke7 52.Ng8+ Kd6 53.h6 Rh4  0-1

[Event "TCh-ROM A"]
[Site "Tusnad ROM"]
[Date "2005.05.22"]
[Round "2"]
[White "Madan,A"]
[Black "Nemeth,F"]
[Result "1/2-1/2"]
[WhiteElo "2310"]
[BlackElo "2405"]

1.e4 c5 2.Nc3 Nc6 3.Nf3 d6 4.d4 cxd4 5.Nxd4 Nf6 6.Bg5 e6 7.Qd2 a6 8.O-O-O Bd7
9.f3 Be7 10.g4 h5 11.Nxc6 Bxc6 12.gxh5 Rxh5 13.Rg1 Qa5 14.Kb1 Rd8 15.h4 g6
16.Bd3 b5 17.Qg2 Nd7 18.Bxe7 Kxe7 19.Ne2 b4 20.Qg3 Rdh8 21.f4 Rxh4 22.f5 Qe5
23.fxe6 Qxg3 24.Rxg3 Rh1 25.Rgg1 Rxg1 26.Rxg1 fxe6 27.a3 bxa3 28.Nd4 Ne5
29.Nxc6+ Nxc6 30.Rxg6 Ne5 31.Rg7+ Kf6 32.Rb7 Rh1+ 33.Ka2 Nxd3 34.cxd3 Rd1
35.Rb3 axb2 36.Kxb2 Ke5 37.Ra3 d5 38.exd5 exd5 39.Kc2 Rh1 40.Ra5 Kd4 41.Ra4+ Ke3
42.Rg4  1/2-1/2

[Event "ch-UKR sf"]
[Site "Alushta UKR"]
[Date "2005.05.23"]
[Round "8"]
[White "Yarmysty,M"]
[Black "Viliavin,R"]
[Result "1-0"]
[WhiteElo "2334"]
[BlackElo "2249"]

1.e4 c5 2.Nf3 Nc6 3.Nc3 Nf6 4.d4 cxd4 5.Nxd4 e5 6.Ndb5 d6 7.Nd5 Nxd5 8.exd5 Nb8
9.c4 Be7 10.Bd3 a6 11.Nc3 O-O 12.O-O Nd7 13.a3 f5 14.f3 Bg5 15.b4 Bxc1 16.Rxc1 Qg5
17.Rf2 e4 18.f4 Qh6 19.Be2 Nf6 20.Qd4 Re8 21.Qb6 Nd7 22.Qe3 b6 23.h3 Bb7
24.g4 Rac8 25.Rg2 fxg4 26.Bxg4 Nf6 27.Bxc8 Bxc8 28.Rh2 Bg4 29.Ne2 Bf3 30.Nd4 Re5
31.Nxf3 exf3 32.Qxf3 Re4 33.Rf2 Qg6+ 34.Kh2 Qe8 35.Rcc2 Qd7 36.Rfe2 Rd4 37.Re6 Qa4
38.Rg2 Nd7 39.Qe3  1-0

[Event "VII Open"]
[Site "Salou ESP"]
[Date "2005.05.23"]
[Round "4"]
[White "Rizouk,A"]
[Black "Estrada Martinez,C"]
[Result "1-0"]
[WhiteElo "2452"]
[BlackElo "2214"]

1.e4 c5 2.Nc3 Nc6 3.Bb5 Nd4 4.Bc4 d6 5.Nge2 Nf6 6.d3 Nxe2 7.Qxe2 e6 8.f4 Be7
9.e5 Nd7 10.exd6 Bxd6 11.Ne4 Be7 12.f5 e5 13.Qh5 O-O 14.O-O Nf6 15.Nxf6+ Bxf6
16.Rf3 Qd4+ 17.Be3 Qh4 18.Qxh4 Bxh4 19.Bxc5 Rd8 20.Bb4 Bf6 21.Re1 b5 22.Bxb5 Rb8
23.a4 a6 24.Ba5 Rf8 25.Bc4 Rxb2 26.Bb3 Bb7 27.Rff1 Rc8 28.Bb4 Rcxc2 29.Bxc2 Rxc2
30.Rf2 Rc8 31.Rfe2 Rd8 32.Rc1 h5 33.Rc7 Bc8 34.Be7 Bxe7 35.Rxe7 f6 36.Rc2 Bxf5
37.Rcc7 Kh7 38.Rc6 Kh6 39.Rxa6 Rxd3 40.Rxe5 Kg5 41.Re7 Kf4 42.Rb6 Be4 43.Rb1 f5
44.Rf1+ Kg5 45.Rxg7+ Kf6 46.Rg3 Rd2 47.h4 Ra2 48.Rg5 Rxa4 49.Rxh5 Bd3 50.Rc1 Rg4
51.Rc6+ Ke5 52.Rhh6 Be4 53.Rce6+ Kf4 54.Reg6 Kg3 55.Rxg4+ fxg4 56.h5 Bxg2
57.Re6  1-0

[Event "VII Open"]
[Site "Salou ESP"]
[Date "2005.05.24"]
[Round "5"]
[White "Fedorchuk,S"]
[Black "Kolev,At"]
[Result "1/2-1/2"]
[WhiteElo "2577"]
[BlackElo "2524"]

1.e4 c5 2.Nf3 Nc6 3.Nc3 Nf6 4.d4 cxd4 5.Nxd4 e5 6.Ndb5 d6 7.a4 a6 8.Na3 Bg4
9.Qd2 Be6 10.Bc4 Rc8 11.O-O Nd4 12.Qd3 Qe7 13.Ba2 Nc6 14.Qf3 Nd4 15.Qd3 Nc6
16.Qf3 Nd4  1/2-1/2

[Event "Summer"]
[Site "Alushta UKR"]
[Date "2005.05.25"]
[Round "1"]
[White "Tukhaev,A"]
[Black "Annageldyev,O"]
[Result "1-0"]
[WhiteElo "2419"]
[BlackElo "2483"]

1.e4 c5 2.Nf3 Nc6 3.Nc3 d6 4.d4 cxd4 5.Nxd4 Nf6 6.f3 e6 7.Be3 a6 8.Qd2 Be7
9.O-O-O Qc7 10.g4 h6 11.h4 b5 12.Nxc6 Qxc6 13.Ne2 Qc7 14.Nd4 d5 15.e5 Nd7
16.f4 Nc5 17.Bg2 Bd7 18.Kb1 a5 19.f5 Na4 20.Qd3 Qxe5 21.fxe6 fxe6 22.Rhe1 O-O
23.Bg5 Nc5 24.Qh3 Qd6 25.Nf5 Rxf5 26.Bxe7 Qxe7 27.gxf5 Rd8 28.Bxd5 Kh8 29.Bxe6  1-0

[Event "XXXV Bosnia GM"]
[Site "Sarajevo BIH"]
[Date "2005.05.26"]
[Round "7"]
[White "Movsesian,S"]
[Black "Eljanov,P"]
[Result "1-0"]
[WhiteElo "2628"]
[BlackElo "2641"]

1.e4 c5 2.Nc3 Nc6 3.Bb5 Nd4 4.Bc4 a6 5.d3 e6 6.Nge2 b5 7.Bb3 Nxb3 8.axb3 Bb7
9.O-O Nf6 10.f4 d5 11.e5 d4 12.Nb1 Ng4 13.h3 Nh6 14.Nd2 Nf5 15.Ne4 h5 16.N2g3 h4
17.Nh1 Be7 18.Nhf2 Qd5 19.Re1 f6 20.Ng4 O-O-O 21.Qe2 Rhg8 22.Bd2 Kb8 23.Nh2 Nh6
24.Nf3 Nf5 25.Qf2 Rh8 26.Re2 Rh6 27.Ree1 Rdh8 28.Kh2 Rg6 29.Rg1 Qc6 30.Rae1 b4
31.c3 Qd5 32.cxb4 cxb4 33.Rc1 Qxb3 34.Nxd4 Qd5 35.Rc4 Rd8 36.Nxf5 Qxd3 37.Nxe7 Qxc4
38.Nd6  1-0

[Event "Dueball mem"]
[Site "Solingen GER"]
[Date "2005.05.26"]
[Round "6"]
[White "Wegerle,J"]
[Black "Odendahl,R"]
[Result "1/2-1/2"]
[WhiteElo "2395"]
[BlackElo "2389"]

1.e4 c5 2.Nf3 Nc6 3.Nc3 g6 4.d4 cxd4 5.Nxd4 Bg7 6.Nb3 d6 7.Be2 Nf6 8.O-O O-O
9.Re1 Be6 10.Bg5 d5 11.exd5 Nxd5 12.Nxd5 Qxd5 13.Qxd5 Bxd5 14.c3 h6 15.Be3 Rfd8
16.Red1 Ne5 17.Rd2 Bc4 18.Bd4 Bxe2 19.Rxe2 Nc6 20.Bxg7  1/2-1/2

[Event "TCh-ROM A"]
[Site "Tusnad ROM"]
[Date "2005.05.27"]
[Round "7"]
[White "Gaponenko,I"]
[Black "Voiska,M"]
[Result "1/2-1/2"]
[WhiteElo "2482"]
[BlackElo "2340"]

1.e4 c5 2.Nf3 Nc6 3.Nc3 Nf6 4.d4 cxd4 5.Nxd4 e5 6.Ndb5 d6 7.Nd5 Nxd5 8.exd5 Nb8
9.a4 Be7 10.Be3 Nd7 11.Qd2 a6 12.Na3 f5 13.f3 O-O 14.Nc4 b6 15.a5 b5 16.Nb6 Rb8
17.c4 bxc4 18.Bxc4 Nxb6 19.axb6 Rxb6 20.O-O Rb8 21.Bxa6  1/2-1/2

[Event "VII Open"]
[Site "Salou ESP"]
[Date "2005.05.28"]
[Round "9"]
[White "Nijboer,F"]
[Black "Lalic,B"]
[Result "1/2-1/2"]
[WhiteElo "2553"]
[BlackElo "2503"]

1.e4 c5 2.Nf3 Nc6 3.Nc3 e5 4.Bc4 Be7 5.O-O Nf6 6.Ng5 O-O 7.f4 exf4 8.d3 Ne5
9.Bxf4 Nxc4 10.dxc4 d6 11.Qd2 Be6 12.b3 Qd7 13.h3 Rad8 14.Rae1 Rfe8 15.Nf3 a6
16.a4 Qc7 17.Re3 Nd7 18.Nd5 Bxd5 19.Qxd5 Nf6 20.Qd3 Qc8 21.Bh2 Bf8 22.Nd2 Re6
23.Nb1 b5 24.axb5 axb5 25.Na3 bxc4 26.Nxc4 d5 27.exd5 Rxd5 28.Qe2 Rxe3 29.Qxe3 Rd8
30.Qf3 Qe6 31.Be5 Nd5 32.Rd1 Rd7 33.Bg3 f6 34.Kh1 Nb4 35.Rxd7 Qxd7 36.Ne3 Qe6
37.Be1 Qe5 38.Bxb4 cxb4 39.Qd5+ Qxd5 40.Nxd5 Kf7 41.c3 bxc3 42.Nxc3  1/2-1/2

[Event "TCh-ROM A"]
[Site "Tusnad ROM"]
[Date "2005.05.28"]
[Round "8"]
[White "Butunoi,A"]
[Black "Tantau,A"]
[Result "1-0"]
[WhiteElo "2395"]
[BlackElo "2215"]

1.e4 c5 2.Nf3 Nc6 3.Nc3 g6 4.Bc4 Bg7 5.d3 d6 6.h3 Na5 7.Bb5+ Bd7 8.Bxd7+ Qxd7
9.O-O b5 10.a3 Rb8 11.Re1 Nc6 12.Bf4 e5 13.Bg5 h6 14.Be3 Nge7 15.Qc1 a5 16.a4 b4
17.Nb5 Nd4 18.Bxd4 cxd4 19.Nd2 Rb6 20.Nc4 Ra6 21.c3 bxc3 22.bxc3 O-O 23.cxd4 exd4
24.Qa3 d5 25.Nd2 Nc6 26.Rac1 Rc8 27.Qb3 dxe4 28.Nxe4 Rb6 29.Rc5 Nb4 30.Rxc8+ Qxc8
31.Nbd6 Qe6 32.Nc4 Rc6 33.Rc1 h5 34.h4 Bh6 35.Rd1 Nxd3 36.Nxa5 Rc1 37.Rxc1 Nxc1
38.Qxe6 fxe6 39.Nc6 Ne2+ 40.Kf1 Nc3 41.Nxc3 dxc3 42.Nd4 Bf8 43.Ke2 Bc5 44.Nc2 Kf7
45.Ne3 e5 46.Kd3 Bd4 47.a5 Ke6 48.a6 Kd6 49.f3 Kc6 50.Nd1 Kb6 51.Nxc3 Kxa6
52.Ne2 Bf2 53.g3 Kb5 54.Ke4 Kc4 55.f4 exf4 56.Kxf4 Be1 57.Kf3 Kd5 58.Nf4+  1-0

[Event "30th Elekes Mem GM"]
[Site "Budapest HUN"]
[Date "2005.05.29"]
[Round "9"]
[White "Medvegy,Z"]
[Black "Nguyen Ngoc Truongson"]
[Result "1/2-1/2"]
[WhiteElo "2474"]
[BlackElo "2527"]

1.e4 c5 2.Nf3 Nc6 3.Nc3 Nf6 4.Bb5 e5 5.Bxc6 dxc6 6.Nxe5 Nxe4 7.Nxe4 Qd5 8.O-O Qxe5
9.Re1 Be7 10.d4 Qxd4 11.Be3 Qxd1 12.Raxd1 b6 13.Nd6+ Bxd6 14.Bxc5+ Be6 15.Bxd6 O-O-O
16.a3 Rhe8 17.f3 Bf5 18.Rxe8 Rxe8 19.Rd2 Rd8 20.c3 Kb7 21.Kf2 c5 22.Bf4 Rxd2+
23.Bxd2 Kc6 24.Bf4 Kd5 25.Ke3 Kc4  1/2-1/2

[Event "30th Elekes Mem GM"]
[Site "Budapest HUN"]
[Date "2005.05.31"]
[Round "11"]
[White "Boros,De"]
[Black "Nguyen Ngoc Truongson"]
[Result "1/2-1/2"]
[WhiteElo "2402"]
[BlackElo "2527"]

1.e4 c5 2.Nf3 Nc6 3.Nc3 g6 4.d4 cxd4 5.Nxd4 Bg7 6.Be3 d6 7.Qd2 Nf6 8.f3 Bd7
9.O-O-O a6 10.g4 Rc8 11.Kb1 b5 12.Bh6 Bxh6 13.Qxh6 Nxd4 14.Rxd4 Be6 15.Qd2 Qa5
16.h3 h5 17.g5 Nd7 18.f4 Nb8 19.Nd5 Qxd2 20.Rxd2 Bxd5 21.Rxd5 h4 22.a4 bxa4
23.Ra5 Rc6 24.Rxa4 Kd7 25.Bc4 e6 26.Rf1 Rhc8 27.b3 Ke7 28.Rg1 R8c7 29.Kb2 d5
30.exd5 exd5 31.Re1+ Kd6 32.Bd3 Nd7 33.Rxa6 Rxa6 34.Bxa6 Nc5 35.Bd3 Rc8 36.Re3 Rb8
37.Kc3 Ra8 38.Re1 Rf8 39.Rg1 Rc8 40.Kd2 Ne6 41.Rg4 Nd4 42.Kd1 Ra8 43.Kc1 Nf3
44.Kb2 Re8 45.f5 gxf5 46.Bxf5 Ke5 47.Bh7 Rh8 48.g6 fxg6 49.Bxg6 Rg8 50.Bh5 Rh8
51.Bf7 Rf8 52.Bg8 Kd6 53.Bh7 Rh8 54.Rg7 Ne5 55.Bf5 Rf8 56.Rg5 Rh8 57.Kc3 Rh6
58.Bd3 Rh8 59.Be2 Rh7 60.Kd2 d4 61.Rf5 Kd5 62.Rf4 Rh8 63.Bf1 Rg8 64.Ke2 Rg3
65.Rxh4 d3+ 66.cxd3 Nxd3 67.b4 Ke5 68.Rc4 Nf4+ 69.Kf2 Rb3 70.Rc5+ Ke4 71.Rc4+ Kf5
72.h4 Rb2+ 73.Kg1 Rb1 74.Kf2 Rb2+ 75.Kf3 Rb3+ 76.Kf2 Rb2+ 77.Kg3 Rb3+ 78.Kh2 Rb2+
79.Kg1 Rb1 80.Rc5+ Kg4 81.Rc4 Kg3 82.Rc3+ Kxh4 83.Rc4 Kg3 84.Rc3+ Kg4 85.Rc4 Kg3
86.Rc3+  1/2-1/2

[Event "30th Elekes Mem GM"]
[Site "Budapest HUN"]
[Date "2005.05.31"]
[Round "11"]
[White "Medvegy,Z"]
[Black "Nemeth,Z"]
[Result "1-0"]
[WhiteElo "2474"]
[BlackElo "2370"]

1.e4 c5 2.Nf3 Nc6 3.Nc3 e5 4.Bc4 d6 5.d3 Be6 6.Nd2 Nf6 7.Nd5 Be7 8.c3 a6
9.Nf1 Na5 10.Nxf6+ Bxf6 11.Bd5 O-O 12.h4 Rc8 13.Ne3 Qd7 14.g3 Bd8 15.O-O Nc6
16.Bxe6 fxe6 17.Qg4 Rf7 18.Kg2 b5 19.Bd2 Bb6 20.Rad1 a5 21.Nc2 a4 22.Na3 Na7
23.f4 exf4 24.Bxf4 Rcf8 25.Be3 d5 26.Rxf7 Rxf7 27.Rf1 Rxf1 28.Kxf1 b4 29.cxb4 cxb4
30.Bxb6 bxa3 31.bxa3 Nc8 32.Bc5 Qc6 33.Bd4 g6 34.Qf3 Qd7 35.Ke2 Qf7 36.Qe3 Nd6
37.exd5 exd5 38.Qe5 Qe8 39.Qxe8+ Nxe8 40.Be5 Ng7 41.Kd2 Ne6 42.Kc3 Kf7 43.Kb4 Ke7
44.d4 Kd7 45.Kxa4 Kc6 46.Ka5 h5 47.a4 Nf8 48.Kb4 Kb6 49.a5+ Kc6 50.a6 Nd7
51.a7 Nb6 52.Ka5 Na8 53.Ka6  1-0

[Event "14th CRO-Cup"]
[Site "Sibenik CRO"]
[Date "2005.05.31"]
[Round "2"]
[White "Golubovic,B"]
[Black "Hulak,K"]
[Result "1/2-1/2"]
[WhiteElo "2462"]
[BlackElo "2534"]

1.e4 c5 2.Nc3 Nc6 3.Nge2 d6 4.d4 cxd4 5.Nxd4 Nf6 6.Be3 e5 7.Nf3 h6 8.Bc4 Be6
9.Qe2 Be7 10.O-O O-O 11.Rfd1 a6 12.Nd5 b5 13.Nxf6+ Bxf6 14.Bd5 Qc7 15.c4 Bxd5
16.cxd5 Ne7 17.a4 Qd7 18.axb5 axb5  1/2-1/2

[Event "14th CRO-Cup"]
[Site "Sibenik CRO"]
[Date "2005.05.31"]
[Round "3"]
[White "Biti,O"]
[Black "Biliskov,V"]
[Result "1-0"]
[WhiteElo "2350"]
[BlackElo "2356"]

1.e4 c5 2.Nc3 Nc6 3.Bb5 e6 4.Bxc6 bxc6 5.d3 d5 6.f4 Nf6 7.e5 Nd7 8.Nf3 Be7
9.O-O Ba6 10.Re1 O-O 11.b3 Qc7 12.Qe2 c4 13.d4 Bb4 14.Bd2 c5 15.a3 Bxc3 16.Bxc3 cxd4
17.Bxd4 Qb7 18.b4 c3 19.Qf2 Rfc8 20.f5 exf5 21.Ng5 Nf8 22.e6 fxe6 23.Nxe6 Nxe6
24.Rxe6 Rc6 25.Qe3 Qc8 26.Qe5 Rc7 27.Rc6  1-0

[Event "14th CRO-Cup"]
[Site "Sibenik CRO"]
[Date "2005.06.03"]
[Round "7"]
[White "Solak,D"]
[Black "Kutuzovic,B"]
[Result "1/2-1/2"]
[WhiteElo "2582"]
[BlackElo "2364"]

1.e4 c5 2.Nc3 Nc6 3.Bb5 Nd4 4.Bc4 e6 5.Nf3 Nf6 6.O-O a6 7.d3 b5 8.Bb3 Nxb3
9.axb3 Bb7 10.e5 Nd5 11.Ne4 Be7 12.c4 Nb4 13.Be3 Rc8 14.Rc1 Na2 15.Ra1 Nb4
16.Rc1 Na2 17.Ra1 Nb4  1/2-1/2

[Event "TCh-BIH Prem"]
[Site "Neum BIH"]
[Date "2005.06.07"]
[Round "4"]
[White "Yemelin,V"]
[Black "Volokitin,And"]
[Result "0-1"]
[WhiteElo "2540"]
[BlackElo "2679"]

1.e4 c5 2.Nf3 Nc6 3.Nc3 Nf6 4.Bb5 Qc7 5.O-O Nd4 6.Re1 a6 7.Bf1 d6 8.Nxd4 cxd4
9.Nd5 Nxd5 10.exd5 g6 11.c4 Bg7 12.d3 O-O 13.g3 e5 14.dxe6 fxe6 15.Bg2 Bd7
16.f4 Rae8 17.a4 Bc6 18.b3 e5 19.Ra2 Bxg2 20.Rxg2 Qc6 21.fxe5 dxe5 22.Re4 Rf6
23.Rf2 Ref8 24.Rxf6 Qxf6 25.Qe2 Qf3 26.Bg5 Qxe2 27.Rxe2 Rf3 28.Rd2 e4 29.Kg2 Rf5
30.Bf4 e3 31.Rb2 Be5 32.Bxe5 Rxe5 33.Kf1 Kf7 34.b4 b6 35.Ke1 Ke6 36.g4 Kd6
37.Rg2 a5 38.Rb2 Kc6 39.h3 axb4 40.Rxb4 Ra5 41.Ke2 h5 42.Rb5 hxg4 43.hxg4 Rxa4
44.Rd5 Ra2+ 45.Ke1 b5 46.Rxb5 Rd2 47.Rb3 Kd6 48.Rb5 Rxd3 49.Rd5+ Ke6 50.g5 Rd2
51.Kf1 Rf2+ 52.Ke1 Rf4 53.Ke2 Rg4 54.Kd3 Rh4 55.Rd8 Rg4 56.Rd5 Rf4 57.Ke2 Re4
58.Rd8 Ke5 59.Rd5+ Ke6 60.Rd8 Kf5 61.Rd5+ Kg4 62.c5 Rf4 63.c6 Rf2+ 64.Ke1 Kf3
65.Rd6 Rh2 66.Rf6+ Ke4 67.c7 Rc2 68.Rf7 Rc1+  0-1

[Event "TCh-BIH Prem"]
[Site "Neum BIH"]
[Date "2005.06.07"]
[Round "4"]
[White "Zugic,I"]
[Black "Kozul,Z"]
[Result "0-1"]
[WhiteElo "2474"]
[BlackElo "2591"]

1.e4 c5 2.Nf3 Nc6 3.Nc3 d6 4.d4 cxd4 5.Nxd4 Nf6 6.Bg5 e6 7.Qd2 a6 8.O-O-O Bd7
9.f3 Rc8 10.Kb1 Be7 11.Be3 b5 12.g4 Ne5 13.g5 Nh5 14.Bd3 g6 15.Nce2 Nxd3
16.cxd3 e5 17.Nb3 d5 18.d4 dxe4 19.fxe4 Bg4 20.Rdf1 Bxe2 21.Qxe2 O-O 22.Rhg1 Rc4
23.Nd2 Rb4 24.d5 Nf4 25.Bxf4 exf4 26.Nf3 Bc5 27.Rg4 Re8 28.Rxf4 Qxd5 29.Re1 Qb7
30.Rh4 Be7 31.Rg4 Rc4 32.h3 Bb4 33.Nd2 Rc5 34.Rf1 Rce5 35.Rgf4 R8e7 36.a3 Bxd2
37.Qxd2 Rxe4 38.Ka1 Rxf4 39.Rxf4 Re8 40.h4 Qh1+ 41.Ka2 Qe1 42.Qd4 Qe6+ 43.Kb1 Qb3
44.Rf1 Qe3 45.Qf6 Qe6 46.Qf2 a5 47.Qc5 b4 48.a4 b3  0-1

[Event "TCh-IRI"]
[Site "Tehran IRI"]
[Date "2005.06.09"]
[Round "3"]
[White "Moosavian,S"]
[Black "Khakpoor,A"]
[Result "0-1"]
[WhiteElo "2240"]
[BlackElo "2281"]

1.e4 c5 2.Nc3 Nc6 3.Bb5 Nd4 4.Bc4 e6 5.Nf3 Ne7 6.O-O Nec6 7.d3 Be7 8.Ne1 a6
9.a4 Rb8 10.Ba2 b5 11.Nb1 b4 12.Nd2 Na5 13.c3 Ndc6 14.f4 O-O 15.Qh5 b3 16.Bb1 f5
17.exf5 exf5 18.Ndf3 Bf6 19.Be3 d6 20.Bf2 Ne7 21.d4 c4 22.Bh4 Bd7 23.Bxf6 Rxf6
24.Ng5 h6 25.Nh3 Nd5 26.Qf3 Bc6 27.g4 Ne7 28.Qg3 Qd7 29.Nf2 Qe6 30.Ng2 Bxg2
31.Qxg2 d5 32.Bxf5 Nxf5 33.gxf5 Qxf5 34.Nh1 Re8 35.Ng3 Qd7 36.f5 Kh7 37.Nh5 Rg8
38.Qg4 Kh8 39.Kh1 Rd6 40.Rg1 Nc6 41.Qf4 Nd8 42.Raf1 Nf7 43.h4 Qxa4 44.Rg3 Qe8
45.Rfg1 Ng5 46.Qxd6 Qxh5 47.Qf4 Ne4 48.Rg6 Nf6 49.R1g5 hxg5 50.Rxg5 Qe2 51.Rg2 Qe4
52.Qg5 Qf3 53.h5 Nh7 54.Qg6 Qf1+ 55.Kh2 Qf4+ 56.Kg1 a5 57.Qf7 Qe3+ 58.Kh1 Qe1+
59.Kh2 Qh4+ 60.Kg1 Ng5 61.Qxd5 Re8  0-1